Warhammer Fantasy - wszystkie języki świata - Statystyki

Ogólne statystyki
  • Ten quiz został rozwiązany 7 razy
  • Średni wynik to 10 z 58
Statystyki odpowiedzi
Język % Poprawnych
Ludzie Reikspiel
80%
Ludzie Bretoński
60%
Ludzie Albioński
40%
Ludzie Arabski
40%
Elfy Eltharin
40%
Ludzie Estalijski
40%
Ludzie Katajski
40%
Krasnoludy Khazalid
40%
Ludzie Kislevski
40%
Chaos Mroczna mowa
40%
Ludzie Nippoński
40%
Ludzie Norski
40%
Skaveny Queekish
40%
Ludzie Sylvański
40%
Elfy Anoqeyan
20%
Specjalny Bitewny
20%
Chaos Demonów
20%
Ludzie Druidów
20%
Zielonoskórzy Gobliński
20%
Ogry Grumbarth
20%
Ludzie Indyjski
20%
Specjalny Klasyczny
20%
Specjalny Magiczny
20%
Elfy Malla-room-ba-larin
20%
Trolle Orgvar
20%
Zielonoskórzy Orrakh
20%
Krasnoludy Runiczny
20%
Jaszczuroludzie Saurian
20%
Zielonoskórzy Snotgob
20%
Ludzie Tileański
20%
Ludzie Ungol
20%
Specjalny Znaki łowców
20%
Specjalny Znaki złodziei
20%
Specjalny Żywiołów
20%
Chaos Bestii
0%
Elfy Druhir
0%
Ludzie Ebonian
0%
Elfy Fan-Eltharin
0%
Chaos Fimar
0%
Zielonoskórzy Ghazhakh
0%
Zielonoskórzy Harghazhakh
0%
Ludzie Hungów
0%
Specjalny Język łowców
0%
Ludzie Khuresyjski
0%
Krasnoludy Klinkarhun
0%
Specjalny Kod kopalniany
0%
Ludzie Kurgański
0%
Ludzie Nehekharyjski
0%
Niziołki Niziołków
0%
Jaszczuroludzie Skinkian
0%
Jaszczuroludzie Slannów
0%
Jaszczuroludzie Ss'kyzz'l'k
0%
Ludzie Strigański
0%
Pigmeje Wayar
0%
Specjalny Znaki górników
0%
Specjalny Znaki rycerzy zakonu
0%
Specjalny Znaki więzienne
0%
Specjalny Znaki zwiadowców
0%
Nie znaleziono quizów pasujących do podanych kryteriów
Rozkład punktacji
Procent ludzi z każdym wynikiem
Percentyl według liczby udzielonych odpowiedzi
Twoja historia wyników
Nie rozwiązałeś tego quizu